000 00556nam a2200205Ia 4500
005 20250508164931.0
008 008 250505s9999 xx 000 0 hin d
020 _a81-89654-39-X
037 _aTextual
040 _aFEDL
_beng
_cFEDL
041 _ahin
_2eng
084 _a392.5, RAF
_qFEDL
100 _aRafat Zakia
_9779521
245 0 _aMuslim vivah : Siddhant evam vyavahar
260 _aDelhi, India
_bDaanish Books
_c2007
300 _axix,159p.
365 _aINR
_b275
942 _cTEXL
_h392.5, RAF
999 _c1392119
_d1392119